书目信息 |
| 题名: |
通信电缆线路
|
|
| 作者: | 陈昌海 主编 | |
| 分册: | ||
| 出版信息: | 北京 人民邮电出版社 2005 |
|
| 页数: | 258页 | |
| 开本: | 26cm | |
| 丛书名: | ||
| 单 册: | ||
| 中图分类: | TN913.32 | |
| 科图分类: | ||
| 主题词: | 通信电缆--通信线路--高等教育--教材 , 通信电缆 , 通信线路 | |
| 电子资源: | ||
| ISBN: | 7-115-13030-2 | |
| 000 | 00900nam0 2200277 450 | |
| 001 | 002833699 | |
| 005 | 20070807163057.98 | |
| 010 | @a7-115-13030-2@dCNY23.00 | |
| 035 | @a002833699 | |
| 100 | @a20050404d2005 em y0chiy0110 ea | |
| 101 | 0 | @achi |
| 102 | @aCN@b110000 | |
| 105 | @ay z 000yy | |
| 106 | @ar | |
| 200 | 1 | @a通信电缆线路@Atong xin dian lan xian lu@f陈昌海主编@Fchen chang hai zhu bian |
| 210 | @a北京@c人民邮电出版社@d2005 | |
| 215 | @a258页@d26cm | |
| 300 | @a21世纪高职高专通信教材 | |
| 330 | @a本书介绍了电缆的结构与分类、全塑电缆的主要电气特性和参数及色谱;通信电缆线路的主要建筑方式及敷设方法、电缆的接续技术,以及电缆线路的成端技术等内容。 | |
| 606 | 0 | @a通信电缆@x通信线路@x高等教育@j教材 |
| 606 | 0 | @a通信电缆 |
| 606 | 0 | @a通信线路 |
| 690 | @aTN913.32@v4 | |
| 701 | 0 | @a陈昌海@Achen chang hai@4主编 |
| 801 | 0 | @aCN@bNLC@c20070807 |
| 905 | @dTN913.32@e69@f1 | |
| 通信电缆线路/陈昌海主编.-北京:人民邮电出版社,2005 |
| 258页;26cm |
| 21世纪高职高专通信教材 |
| ISBN 7-115-13030-2:CNY23.00 |
| 本书介绍了电缆的结构与分类、全塑电缆的主要电气特性和参数及色谱;通信电缆线路的主要建筑方式及敷设方法、电缆的接续技术,以及电缆线路的成端技术等内容。 |
| ● |
| 相关链接 |
|
|
|
|
正题名:通信电缆线路
索取号:TN913.32/69
 
预约/预借
| 序号 | 登录号 | 条形码 | 馆藏地/架位号 | 状态 | 备注 |
| 1 | 0853963 | 208539633 | 第二样本阅览室/ [索取号:TN913.32/69] | 在馆 |